01095ngm a2200277 a 450000500170000000800410001708200170005824500640007525000190013930000630015849000140022150000900023565000680032565000420039365000450043565000460048065000450052670000460057194200200061726400420063733600270067933700330070633800280073904000350076799900150080220220317001249.0160825s1984 ck g 000 0 spa 04a791.43bM14c10aCamilacdirección María Luisa Bemberghvideograbación a1a. edición  a1 videocasete en VHS (108 minutos)bsonido, color c20 cm  aLa maleta aLa película pertenece a la colección La Maleta. Dirigida para un público adulto142LEMBaPelículas cinematográficas argentinas vVideocasetes 142LEMBaAmor en el cine vVideocasetes 142LEMBaMujeres en el cine vVideocasetes 142LEMBaPasión en el cine vVideocasetes 142LEMB aMuerte en el cine vVideocasetes 1 aBemberg, María Luisad1922-1994 968486 2ddccVIDEOCASET aBogotábMinisterio de Culturac1984 atextobtxt2rdacontent asin mediaciónbn2rdamedia avolumenbnc2rdacarrier aCO-BoRNBPbspaerdacCO-BoRNBP c6429d6429